000 01605nam a2200445 i 4500
001 19543
003 KOSZ 005
005 20241210062851.0
008 241115s1980 pl a f 001 0 pol
020 _a8301015047
040 _aWA N
_cWA N
_dKOSZ 005/RW
045 _bd1905
_bd1979
046 _k1980
080 _a37(100)"19"(091)
130 2 _aHistoria
245 0 0 _aHistoria wychowania :
_bwiek XX.
_n2 /
_cpod redakcją Józefa Miąso ; Polska Akademia Nauk. Instytut Historii Nauki Oświaty i Techniki. Zakład Dziejów Oświaty.
250 _aWydanie I.
260 _aWarszawa :
_bPaństwowe Wydawnictwo Naukowe,
_c1980.
300 _a474, [1] strony :
_bilustracje ;
_c25 cm.
336 _aTekst
_btxt
_2rdacontent
337 _aBez urządzenia pośredniczącego
_bn
_2rdamedia
338 _aWolumin
_bnc
_2rdacarrier
380 _aKsiążki
380 _aPublikacje naukowe
388 1 _a1901-2000
388 1 _a1945-1989
504 _aBibliografia przy częściach. Indeksy.
650 7 _aOświata
_2DBN
650 7 _aPedagogika
_2DBN
650 7 _aSzkolnictwo
_2DBN
655 7 _aOpracowanie
655 7 _aPraca zbiorowa
658 _aEdukacja i pedagogika
658 _aHistoria
700 1 _aMiąso, Józef
_d(1930- )
_eRedakcja
710 2 _aPracownia Dziejów Oświaty (Polska Akademia Nauk)
710 2 _aPaństwowe Wydawnictwo Naukowe
_4pbl
856 _uhttps://koha.tu.koszalin.pl/cgi-bin/koha/opac-detail.pl?biblionumber=19543
_yKatalog online BPK
942 _2UKD
_cKS
999 _c19543
_d19543